Sunderland AFC Squad 2014-2015 - Statistics

General Stats
  • This quiz has been taken 14 times
  • The average score is 19 of 29
Answer Stats
# Position Nation Player % Correct
1 GK Romania Costel Pantilimon
100%
- Coach Uruguay Gustavo Poyet
100%
9 FW Scotland Steven Fletcher
100%
- Coach Netherlands Dick Advocaat
92%
22 DF Uruguay Sebastián Coates
92%
7 MF Sweden Sebastian Larsson
92%
16 DF Ireland John O'Shea
85%
17 FW United States Jozy Altidore
85%
25 GK Italy Vito Mannone
85%
5 DF England Wes Brown
85%
10 FW England Connor Wickham
77%
23 FW Italy Emanuele Giaccherini
77%
28 FW England Jermain Defoe
77%
6 MF England Lee Cattermole
77%
11 FW England Adam Johnson
69%
2 DF England Billy Jones
69%
3 DF Netherlands Patrick van Aanholt
69%
13 GK England Jordan Pickford
62%
20 MF Argentina Ricardo Álvarez
62%
14 MF Spain Jordi Gómez
54%
4 MF Scotland Liam Bridcutt
54%
27 DF Argentina Santiago Vergini
46%
18 DF Greece Charis Mavrias
38%
8 MF England Jack Rodwell
38%
30 FW England Will Buckley
38%
15 DF France Anthony Réveillère
31%
19 FW England Danny Graham
31%
12 MF Switzerland Cabral
15%
38 FW France Mikael Mandron
15%
No matching quizzes found
Score Distribution
Percent of People with Each Score
Percentile by Number Answered
Your Score History
You have not taken this quiz